MARC보기
LDR00000nam c2200205 k 4500
001000000341319
00520260429153404
007ta
008260407s2023 ggkacdg r 000a kor
020 ▼a 9791193005019 ▼g 93370 : ▼c \20000
040 ▼a 248032 ▼c 248032 ▼d 248032
0490 ▼l EM111958 ▼v 4 ▼l EM111959 ▼v 4 ▼c 2
056 ▼a 670.7 ▼2 4
090 ▼a 670.7 ▼b 한16ㅎ2
24520 ▼a 한국음악교육학회 학술총서. ▼n 2 ▼p 음악교육학 개론 = ▼x Introduce To Music Education / ▼d 한국음악교육학회 ; ▼e 김미숙, ▼e 민경훈, ▼e 장근주, ▼e 김영미, ▼e 최진호, ▼e 조대현, ▼e 배수영, ▼e 윤관기, ▼e 박영주 공저
250 ▼a 개정판
260 ▼a 고양 : ▼b 어가, ▼c 2023
300 ▼a 300 p. : ▼b 천연색삽화, 초상, 표, 악보 ; ▼c 24 cm
49010 ▼a 한국음악교육학회 학술총서 ; ▼v 4
500 ▼a 음악교육학 개론
500 ▼a (배우며 가르치는) 초등음악교육
504 ▼a 참고문헌(p. 291-300) 수록
653 ▼a 음악교육 ▼a 음악교 교육과정 ▼a 음악과 교육평가 ▼a 음악교수법
7001 ▼a 김미숙, ▼e 저
7001 ▼a 민경훈, ▼e 공저
7001 ▼a 장근주, ▼e 공저
7001 ▼a 김영미, ▼e 공저
7001 ▼a 최진호, ▼e 공저
7001 ▼a 조대현, ▼e 공저
7001 ▼a 배수영, ▼e 공저
7001 ▼a 윤관기, ▼e 공저
7001 ▼a 박영주, ▼e 공저
710 2 ▼a 한국음악교육학회
830 ▼a 한국음악교육학회 학술총서 ; ▼v 4
9500 ▼b \20000
990 ▼a 관리자2 ▼b 관리자2